000 00881nab a2200265 u 4500
001 21263
003 HDC
007 cr bn ---aaaaa
008 210308c20110417xx dr|noo 0 a eng d
040 _aHDC
100 _aGoud, Blake
_eauthor
_916788
245 0 _aUS paves the way for Halal food index / by
_cBlake Goud
260 _a[No place] :
_b[publisher not identified],
_c2011
300 _a1 online resource
336 _atext
_2rdacontent
337 _acomputer
_2rdamedia
338 _aonline resource
_2rdacarrier
650 _aHalal food index
_zUnited States
_918846
650 _aIslamic finance
_9181
710 _aHalal Focus
856 _zRequest full-text at [email protected]
942 _2lcc
942 _cNEWS
942 _kNWSO 006519
999 _c18579
_d18579